1153 1796 1836 1582 1741 1721 1621 1079 1430 1798 1333 1710 1264 1861 1778 1749 1138 1115 1369 1066 1449 1582 1378 1651 1505 1494 1797 1669 1955 1268 1272 1664 1561 1385 1476 1041 1238 1995 1283 1424 1094 1628 1123 1953 1827 1811 1238 1508 1253 1731 1345 1653 1396 1199 1293 1469 1542 1279 1394 1743 1453 1318 1027 1491 1720 1008 1995 1648 1310 1069 1471 1992 1635 1679 1502 1249 1976 1646 1394 1283 1358 1178 1955 1743 1674 1869 1350 1159 1130 1013 1261 1588 1830 1239 1371 1337 1815 1082 1342 BCNSPRNW ULIB Ver.6.0+V

เปลี่ยนเป็นภาษาไทย

Change to English
 แสดงรายละเอียดบรรณานุกรม
  กลับหน้าหลัก

Brief Record : Get Marc (ISO 2709) : E-mail record : QR code < ปิดหน้าต่าง
LEADER : 00000nam 2200000uu 4500
001    13399111921
003     ULIB
008    110627s2550||||th 000 0 tha d
020    9789748027791
090    นว.^bส988ล 2550
100 0  โสภี พรรณราย
245 00 ลิลลี่สีกุหลาบ/^cโสภี พรรณราย
250    พิมพ์ครั้งที่ 1
260    กรุงเทพฯ :^bบิวตี้บุ๊ค,^c2550
300    332 หน้า
710 1  บิวตี้บุ๊ค
945    ^p230^l0^i022039
995    ทศพร
999 ^a ใช้งานได้ทุกระบบ
รายการนี้ยังไม่มีแท็ก
คุณยังไม่ได้ล็อกอิน คุณสามารถมีกิจกรรมร่วมกับเว็บไซต์ได้ แต่ต้องล็อกอินก่อน ::
  ล็อกอิน

รายการสื่อสารสนเทศ

ลำดับที่ ประเภท เลขเรียก/บาร์โค้ด สถานที่ สถานะ
- ไม่พบข้อมูล -

รายการใกล้เคียง
    ผู้แต่ง [โสภี พรรณราย]

BibComment


ยังไม่เคยถูกคอมเมนท์

คอมเมนท์ทรัพยากรรายการนี้
  คอมเมนท์: ลิลลี่สีกุหลาบ โส..


 Copyright 2026. Bcnsprnw @Library